Normal view
MARC view
- Christopher E.P.
Entry Personal Name
001 - CONTROL NUMBER
- control field: 1133
003 - CONTROL NUMBER IDENTIFIER
- control field: OSt
005 - DATE AND TIME OF LATEST TRANSACTION
- control field: 20160723115701.0
008 - FIXED-LENGTH DATA ELEMENTS
- fixed length control field: 160723|| aca||aabn | a|a d
040 ## - CATALOGING SOURCE
- Original cataloging agency: OSt
- Transcribing agency: OSt
100 ## - HEADING--PERSONAL NAME
- Personal name: Christopher E.P.
670 ## - SOURCE DATA FOUND
- Source citation: Work cat.: (OSt): Christopher E.P., Introductory Horticulture, 2012
